| 000 | 01943cam a22003738i 4500 | ||
|---|---|---|---|
| 001 | MEB002866 | ||
| 005 | 20150128143317.0 | ||
| 008 | 130926s2014 nyu 000 0 eng | ||
| 010 | _a2013038907 | ||
| 020 | _a9780071800532 (hbk. : alk. paper) | ||
| 035 | _a(DNLM)101617874 | ||
| 040 |
_aDNLM/DLC _cDLC _erda |
||
| 042 | _apcc | ||
| 050 | 0 | 0 |
_aRM 263 _b.P494 2014 |
| 130 | 0 | _aPharmacotherapy (New York) | |
| 245 | 1 | 0 |
_aPharmacotherapy : _ba pathophysiologic approach / _c[edited] by Joseph T. DiPiro [and five others]. |
| 250 | _a9th edition. | ||
| 260 |
_aNew York : _bMcGraw-Hill Education, _cc2014. |
||
| 263 | _a1402. | ||
| 300 |
_axxxviii, 2586 pages : _bcolor illustrations ; _c28 cm. |
||
| 504 | _aIncludes bibliographical references and index. | ||
| 505 | _aSection 1. Cardiovascular disorders -- section 2. Respiratory disorders -- section 3. Gastrointestinal disorders -- section 4. Renal disorders -- section 5. Neurologic disorders -- section 6. Psychiatric disorders -- section 7. Endocrinologic disorders -- section 8. Gynecologic and obstetric disorders -- section 9. Urologic disorders -- section 10. Immunologic disorders -- section 11. Rheumatologic disorders -- section 12. Ophthalmic and otolaryngological disorders -- section 13. Dermatologic disorders -- section 14. Hematologic disorders -- section 15. Infectious diseases -- section 16. Oncologic disorders -- section 17. Nutritional disorders. | ||
| 521 | _aPharmacy | ||
| 650 | _aChemotherapy. | ||
| 650 | _aPhysiology, Pathological. | ||
| 650 | _aDrug therapy. | ||
| 700 | 1 |
_aDiPiro, Joseph T., _eeditor of compilation. |
|
| 700 | 1 |
_aTalbert, Robert L., _eeditor of compilation. |
|
| 700 | 1 |
_aYee, Gary C., _eeditor of compilation. |
|
| 700 | 1 |
_aMatzke, Gary R., _eeditor of compilation. |
|
| 700 | 1 |
_aWells, Barbara G., _eeditor of compilation. |
|
| 700 | 1 |
_aPosey, L. Michael, _eeditor of compilation. |
|
| 942 |
_2lcc _cBK |
||
| 999 |
_c278912 _d278912 |
||